Again, dangerous visions ; 46 original stories /

Bibliographic Details
Main Author: Ellison, Harlan
Format: Book
Language:English
Published: Garden City, N.Y. : Doubleday, [1972]
Subjects:

MARC

Tag First Indicator Second Indicator Subfields
LEADER 00000cam a2200000 4500
001 in00000051676
005 20161128122152.0
008 720414s1972 nyua 00001 eng
010 |a  70123689  
035 |a (OCoLC)00308501 
035 |9 AAF0670AM 
037 |c $12.95 
040 |a DLC  |c DLC  |d TXA  |d UtOrBLW 
049 |a TXAM [Also in] [Sp Coll]  |c 1 [1127674], 2 [1133165], 3 [A09537336]  |a TXAS  |c 4 [1102531] 
090 |a PS648.S3  |b A33 
082 0 |a 823/.0876 
100 1 |a Ellison, Harlan. 
245 1 0 |a Again, dangerous visions ;  |b 46 original stories /  |c Illus. by Ed Emshwiller. 
264 1 |a Garden City, N.Y. :  |b Doubleday,  |c [1972] 
264 4 |c [©1972] 
300 |a xxiii, 760 pages :  |b illustrations ;  |c 24 cm. 
336 |a text  |b txt  |2 rdacontent 
337 |a unmediated  |b n  |2 rdamedia 
338 |a volume  |b nc  |2 rdacarrier 
500 |a Sequel to Dangerous visions. 
650 0 |a Science fiction, American. 
650 0 |a Science fiction, English. 
999 |a MARS 
999 f f |s cbf46fa0-4724-31fc-b7a0-18b87fc03e75  |i a3afd043-0594-3776-9262-a1fb7af16e85  |t 0 
952 f f |p normal  |a Texas A&M University  |b College Station  |c Sterling C. Evans Library  |s Evans stk  |d Evans: Library Stacks  |t 0  |e PS648.S3 A33  |h Library of Congress classification  |i unmediated -- volume  |m A14804187403 
998 f f |a PS648.S3 A33  |t 0  |l Evans: Library Stacks